000 00954nam a2200205Ii 4500
003 JO-AjNU
008 230605s9999||||xx |||||||||||||| ||und||
017 _a2000/3/948
040 _aJO-AjNU
_bara
_erda
_cJO-AjNU
041 _aara
050 1 4 _aKMM395.S3488 2000
100 3 _aالسعدي، واثبة داود,
_eauthor
_946421
245 0 0 _aالوجيز في شرح قانون العقوبات الأردني: القسم الخاص: الجرائم الواقعة على الأموال الملحقة بها والجرائم المخلة بواجبات الوظيفة والجرائم المخلة بالثقة العامة
264 3 1 _aاربد: مؤسسة حمادة للدراسات الجامعية والتشر والتوزيع، 2000
300 _a178ص
336 _atext
_btxt
_2rdacontent
337 _aunmediated
_bn
_2rdamedia
338 _avolume
_bnc
_2rdacarrier
650 4 _aالاردن - قانون جنائي اردني
_946422
999 _aA20193
_c23761
_d23761